| 000 | 00486nam a2200193Ia 4500 | ||
|---|---|---|---|
| 005 | 20250508151851.0 | ||
| 008 | 008 250505s9999 xx 000 0 ger d | ||
| 037 | _aBooks to be hide in OPAC | ||
| 040 |
_aFEDL _beng _cFEDL |
||
| 041 |
_ager _2eng |
||
| 084 |
_a372, GER/O _qFEDL |
||
| 100 | _aBergman | ||
| 245 | 0 | _aGerman for class 7th | |
| 260 | _c1956 | ||
| 300 | _a200p. | ||
| 700 |
_a Petrenko _9760202 |
||
| 942 |
_cHB _h372, GER/O |
||
| 999 |
_c1332595 _d1332595 |
||